Human Values : A Task for All (Record no. 11274)

MARC details
000 -LEADER
fixed length control field 00421nam a22001817a 4500
003 - CONTROL NUMBER IDENTIFIER
control field OSt
008 - FIXED-LENGTH DATA ELEMENTS--GENERAL INFORMATION
fixed length control field 220608b ||||| |||| 00| 0 eng d
020 ## - INTERNATIONAL STANDARD BOOK NUMBER
International Standard Book Number 9788170226604
082 ## - DEWEY DECIMAL CLASSIFICATION NUMBER
Classification number BD232 CHH
100 ## - MAIN ENTRY--PERSONAL NAME
Personal name CHILANA, M.R.
245 ## - TITLE STATEMENT
Title Human Values : A Task for All
250 ## - EDITION STATEMENT
Edition statement 1st
260 ## - PUBLICATION, DISTRIBUTION, ETC. (IMPRINT)
Place of publication, distribution, etc New Delhi
Name of publisher, distributor, etc Concept Publication
Date of publication, distribution, etc 2002
300 ## - PHYSICAL DESCRIPTION
Extent 212
650 ## - SUBJECT ADDED ENTRY--TOPICAL TERM
Topical term or geographic name as entry element CSE
700 ## - ADDED ENTRY--PERSONAL NAME
Personal name DEWAN, M.L.
942 ## - ADDED ENTRY ELEMENTS (KOHA)
Source of classification or shelving scheme Dewey Decimal Classification
Koha item type Text Books
Holdings
Withdrawn status Lost status Source of classification or shelving scheme Damaged status Not for loan Collection code Home library Current library Date acquired Source of acquisition Currency Cost, normal purchase price Bill Number Total Checkouts Full call number Acc. no. / Barcode Date last seen Actual Cost, discounted price Bill Date Koha item type
    Dewey Decimal Classification     B.Tech(CSE) PIET C-LIBRARY PIET C-LIBRARY 25/05/2022 Kirti Prakashan IN Rupees 400.00 IN312   BD232 CHH 33662 08/06/2022 280.00 25/05/2022 Text Books

Design & Developed by: PIET Central Library
R70 Miles Stone Pattikalyana Samalkha Panipat 132102
mail ID :- [email protected], Phone No:- 0180-2569700 Ex.216